000
00317pab a2200133 454500
008
180718b1983 xxu||||| |||| 00| 0 eng d
100
_a
Khoshoo, T.N.
245
_a
India's environmental concerns
260
_c
1983
300
_a
XI-XV
650
_a
Environmental Policy - India
773
_a
Mazingira
909
_a
7782
999
_c
7782
_d
7782